| 000 | 01178nam a2200229 a 4500 | ||
|---|---|---|---|
| 001 | BRCA_8893 | ||
| 005 | 20190320210441.0 | ||
| 008 | 150617s1771----sp-#######---#000-0#spa-# | ||
| 041 | _aspa | ||
| 044 | _asp | ||
| 084 |
_aCO53 _b.C66 1771 |
||
| 100 | 1 |
_aConcina, Daniel _d1687-1756 _922130 |
|
| 245 | 1 | 0 |
_aTheologia christiana dogmatica-moral, compendiada en dos tomos _csu autor el M. R. P. Fr. Daniel Concina, de el orden de predicadores; traducida al idioma castellano y añadida en muchas partes de las obras del mismo autor el P.D. Joseph Sánchez de la Parra; ponese al principio una colección de bulas, y Decretos Pontificios en Compendio; y al fin un tratado de la Bula de la Santa Cruzada, para el uso más acomodado en estos Reynos; tomo I. |
| 260 |
_aMadrid _bEn la oficina de la Viuda de Manuel Fernández _c1771 |
||
| 300 |
_aVIII, XXI, 350 p. (t.1) _c30 x 21 cm |
||
| 500 | _aCon privilegio | ||
| 500 | _aEstado físico: presenta encuadernación en pergamino con presencia del pez de plata y carece de cintas | ||
| 650 | 1 | 4 |
_aTeología _yObras anteriores a 1800 _922131 |
| 700 | 1 |
_aSánchez de la Parra, Joseph _etr. _922132 |
|
| 902 | _aCFM | ||
| 942 |
_2lcc _cB |
||
| 999 |
_c8544 _d8544 |
||